7 modelů světové banky

Alternatívne modely ponúkané Svetovou bankou vrámci podpory reforiem dôchodkového systému v Česku. Mierna a parametrická reforma, fondy NDC a viacpilierové modely.

Gespeichert in:
Bibliographische Detailangaben
1. Verfasser: Fiala, Zbyněk
Format: Buchkapitel
Sprache:Tschechisch
Schlagworte:
Tags: Tag hinzufügen
Keine Tags, Fügen Sie das erste Tag hinzu!

MARC

LEADER 00000naa a2200000 4500
001 r044940
005 20231004070244.3
041 0 |a cze 
044 |a CZ 
245 1 0 |a 7 modelů světové banky  |c Zbyněk Fiala 
520 |a Alternatívne modely ponúkané Svetovou bankou vrámci podpory reforiem dôchodkového systému v Česku. Mierna a parametrická reforma, fondy NDC a viacpilierové modely. 
610 2 0 |a starostlivosť sociálna 
610 2 0 |a reformy sociálne 
610 2 0 |a zabezpečenie dôchodkové 
610 2 0 |a zdroje finančné 
610 2 0 |a Česko 
100 1 |a Fiala, Zbyněk